000 00329nam a22001337a 4500
008 171101b xxu||||| |||| 00| 0 eng d
020 _a9780534206956
041 _aeng
080 _23 ED
_a33
100 _a59
101 _aBUS
245 _aBUSINESS ITS LEGAL ETICAL AND GLOBAL ENVIRONMENT
_cMOODY/,/J
942 _2udc
_cBK
999 _c37018
_d37018